| 000 | 01134cab a2200361 4500 | ||
|---|---|---|---|
| 001 | L129947 | ||
| 008 | 050607n2005 000 0 eng u | ||
| 035 | _a(Sirsi) u129947 | ||
| 041 | _aeng | ||
| 110 |
_aFranklin and Andrews _92518 |
||
| 245 | _aEuropean whole-life costs | ||
| 260 | _c2005 | ||
| 490 |
_aBuilding _v270(8383) 27 May 2005, 60-62(3) |
||
| 520 | _aDiscusses Franklin and Andrews latest research showing the whole-life costs of building and operating a factory in 14 European countries over a 25-year period. Includes details of capital construction costs,whole life costs, maintenance and cleaning costs, energy and utility costs and labour performance factors. | ||
| 590 | _aIKA210605 | ||
| 650 | _aEUROPE | ||
| 650 | _aSWEDEN | ||
| 650 | _aIRELAND | ||
| 650 | _aFINLAND | ||
| 650 | _aNETHERLANDS | ||
| 650 | _aUNITED KINGDOM | ||
| 650 | _aLUXEMBOURG | ||
| 650 | _aFRANCE | ||
| 650 | _aGERMANY | ||
| 650 | _aITALY | ||
| 650 | _aAUSTRIA | ||
| 650 | _aSPAIN | ||
| 650 | _aBELGIUM | ||
| 650 | _aPORTUGAL | ||
| 650 | _aGREECE | ||
| 690 | _aBUILT ENVIRONMENT-BUILDING COSTS | ||
| 942 | _n0 | ||
| 999 |
_c75362 _d75362 |
||